[Event "OPEN B - XVII MIEDZYNARODOWY FESTIWAL S"]
[Site "GOLD CHESS Open  - Rewal"]
[Date "2012.??.??"]
[Round "8.23"]
[White "Sikorski, Tomasz"]
[Black "Jablonska, Sabina"]
[Result "0-1"]
[WhiteElo "1735"]
[BlackElo "1979"]
[PlyCount "84"]
[EventDate "2012.??.??"]

1. e4 d5 2. exd5 Qxd5 3. Nc3 Qd6 4. d4 Nf6 5. Nf3 a6 6. Be2 e6 7. O-O Be7 8. h3
Nbd7 9. Be3 b5 10. Qd3 Bb7 11. a3 O-O 12. Rfd1 Rfd8 13. Na2 Nb6 14. c3 Nc4 15.
Qc2 Be4 16. Bd3 Nxe3 17. fxe3 Bxd3 18. Rxd3 c5 19. Rdd1 Qc7 20. Rf1 Qg3 21. Qf2
Qxf2+ 22. Rxf2 Ne4 23. Re2 Bf6 24. Nc1 a5 25. Nd3 Be7 26. Nd2 Ng3 27. Ree1 Rac8
28. Nf4 e5 29. Nd3 cxd4 30. exd4 exd4 31. cxd4 Bf6 32. Nf3 Nf5 33. d5 Rxd5 34.
Rad1 g6 35. Re2 Rcd8 36. Nfe1 Bh4 37. Rc1 Rxd3 38. Nxd3 Rxd3 39. g4 Nd4 40. Re4
Rd2 41. Rc5 Nf3+ 42. Kf1 Rf2# 0-1

[Event "OPEN B - XVII MIEDZYNARODOWY FESTIWAL S"]
[Site "GOLD CHESS Open  - Rewal"]
[Date "2012.??.??"]
[Round "8.24"]
[White "Jewulski, Krzysztof"]
[Black "Nun, Grzegorz"]
[Result "1/2-1/2"]
[WhiteElo "1950"]
[BlackElo "1726"]
[PlyCount "70"]
[EventDate "2012.??.??"]

1. e4 c5 2. Nf3 d6 3. c4 Nf6 4. Nc3 e5 5. g3 Be7 6. Bg2 O-O 7. O-O Nc6 8. d3 h6
9. Nd5 Bg4 10. h3 Be6 11. Kh2 a6 12. Nh4 Nd4 13. Nxe7+ Qxe7 14. Be3 b5 15. b3
bxc4 16. dxc4 Rab8 17. Bxd4 cxd4 18. Nf5 Bxf5 19. exf5 Qd7 20. f4 Qxf5 21. fxe5
Qxe5 22. Qd2 Ne4 23. Bxe4 Qxe4 24. Rae1 Qg6 25. Qxd4 Rbe8 26. Rxe8 Rxe8 27. Rf2
Re1 28. Qa7 h5 29. Qxa6 h4 30. Qc8+ Kh7 31. g4 Re5 32. Rf5 Qh6 33. Rxe5 Qf4+
34. Kg2 Qg3+ 35. Kf1 Qxh3+ 1/2-1/2

[Event "OPEN B - XVII MIEDZYNARODOWY FESTIWAL S"]
[Site "GOLD CHESS Open  - Rewal"]
[Date "2012.??.??"]
[Round "8.25"]
[White "Niedbal, Piotr"]
[Black "Blaszkiewicz, Mateusz"]
[Result "1/2-1/2"]
[WhiteElo "1693"]
[BlackElo "1879"]
[PlyCount "91"]
[EventDate "2012.??.??"]

1. e4 c5 2. c3 Nf6 3. e5 Nd5 4. d4 Nc6 5. Nf3 cxd4 6. cxd4 d6 7. Bc4 e6 8. O-O
Nb6 9. Bb5 a6 10. Bxc6+ bxc6 11. exd6 Bxd6 12. Nc3 O-O 13. Ng5 Nd5 14. Re1 Nxc3
15. bxc3 h6 16. Ne4 Bb7 17. Qb3 Rb8 18. Nxd6 Qxd6 19. Ba3 c5 20. Bxc5 Qc6 21.
f3 Rfd8 22. Rab1 Rd7 23. Qc2 Rd5 24. Rb6 Qc8 25. Qb2 Rd7 26. Rb1 g5 27. Bd6 Ra8
28. Rxb7 Rxd6 29. Rb8 Rxb8 30. Qxb8 Qxb8 31. Rxb8+ Kg7 32. Kf2 Rc6 33. Rb3 Kf6
34. Ke3 Rc4 35. Kd3 Ra4 36. a3 Ke7 37. c4 Kd6 38. Rc3 Kc6 39. Kc2 Ra5 40. Kb3
Rf5 41. a4 h5 42. Re3 g4 43. fxg4 hxg4 44. h3 Rf4 45. Kc3 gxh3 46. Rxh3 1/2-1/2

[Event "OPEN B - XVII MIEDZYNARODOWY FESTIWAL S"]
[Site "GOLD CHESS Open  - Rewal"]
[Date "2012.??.??"]
[Round "8.26"]
[White "Jaskiewicz, Kamila"]
[Black "Warchol, Maria"]
[Result "1/2-1/2"]
[WhiteElo "1661"]
[BlackElo "1841"]
[PlyCount "69"]
[EventDate "2012.??.??"]

1. Nf3 d5 2. c4 c6 3. b3 Nf6 4. Bb2 Bf5 5. g3 e6 6. Bg2 h6 7. O-O Nbd7 8. d4
Bd6 9. Nbd2 O-O 10. Re1 Re8 11. Ne5 Qc7 12. e4 dxe4 13. Nxe4 Nxe4 14. Bxe4 Nxe5
15. dxe5 Bb4 16. Re2 Rad8 17. Qc2 Bxe4 18. Qxe4 Rd7 19. a3 Be7 20. Qe3 b6 21.
Rd2 Rxd2 22. Qxd2 Rd8 23. Qc2 Qd7 24. b4 Qd2 25. Rc1 f6 26. Bc3 Qxc2 27. Rxc2
fxe5 28. Bxe5 Rd3 29. Rc3 Rxc3 30. Bxc3 Kf7 31. f4 Bf6 32. Bxf6 Kxf6 33. Kf2 e5
34. Kf3 exf4 35. Kxf4 1/2-1/2

[Event "OPEN B - XVII MIEDZYNARODOWY FESTIWAL S"]
[Site "GOLD CHESS Open  - Rewal"]
[Date "2012.??.??"]
[Round "8.27"]
[White "Trepkowski, Piotr"]
[Black "Przybylska, Agata"]
[Result "1-0"]
[WhiteElo "1786"]
[BlackElo "1689"]
[PlyCount "73"]
[EventDate "2012.??.??"]

1. e4 e6 2. d4 d5 3. Nd2 Nf6 4. e5 Nfd7 5. Bd3 c5 6. c3 Nc6 7. Ne2 cxd4 8. cxd4
f6 9. exf6 Nxf6 10. O-O Bd6 11. Nf3 Qc7 12. g3 O-O 13. Bf4 Bd7 14. Rc1 Nh5 15.
Bxd6 Qxd6 16. Nc3 a6 17. a3 Nf6 18. Na4 e5 19. dxe5 Nxe5 20. Nxe5 Qxe5 21. Nb6
Bg4 22. Qb3 Rae8 23. Rfe1 Qg5 24. Bf1 Kh8 25. Bg2 Re2 26. f4 Qh5 27. Rxe2 Bxe2
28. Nxd5 Nxd5 29. Qxd5 Qxd5 30. Bxd5 b5 31. Bb7 a5 32. Rc8 Rxc8 33. Bxc8 Kg8
34. Kf2 Bc4 35. Ke3 Kf7 36. Kd4 Ke7 37. Kc5 1-0

[Event "OPEN B - XVII MIEDZYNARODOWY FESTIWAL S"]
[Site "GOLD CHESS Open  - Rewal"]
[Date "2012.??.??"]
[Round "8.28"]
[White "Bobryk, Konrad"]
[Black "Sowa, Martyna"]
[Result "0-1"]
[WhiteElo "1616"]
[BlackElo "1765"]
[PlyCount "58"]
[EventDate "2012.??.??"]

1. d4 Nf6 2. c4 g6 3. Nc3 d5 4. cxd5 Nxd5 5. e4 Nxc3 6. bxc3 Bg7 7. Bc4 c5 8.
Ne2 O-O 9. O-O Nc6 10. Be3 Na5 11. Bb3 c4 12. Bc2 b5 13. Qd2 Bb7 14. f4 f5 15.
exf5 gxf5 16. Kh1 Kh8 17. Ng1 e6 18. Nf3 Rg8 19. Rf2 Bd5 20. Ne5 Bxe5 21. fxe5
Qh4 22. Bd1 Raf8 23. Bf4 Nc6 24. Bf3 Ne7 25. Kg1 Bxf3 26. Rxf3 Nd5 27. Raf1 Rg6
28. Qe2 Rfg8 29. h3 Nxf4 0-1

[Event "OPEN B - XVII MIEDZYNARODOWY FESTIWAL S"]
[Site "GOLD CHESS Open  - Rewal"]
[Date "2012.??.??"]
[Round "8.29"]
[White "Kopica, Paulina"]
[Black "Czerniawski, Krzysztof"]
[Result "0-1"]
[WhiteElo "1744"]
[BlackElo "1569"]
[PlyCount "96"]
[EventDate "2012.??.??"]

1. e4 c5 2. Nf3 d6 3. d4 cxd4 4. Nxd4 Nf6 5. Nc3 Nc6 6. Be2 e6 7. O-O Be7 8.
Be3 O-O 9. Nxc6 bxc6 10. f4 Qa5 11. a3 Ba6 12. Bxa6 Qxa6 13. Qf3 Qb7 14. Rab1
c5 15. e5 Qxf3 16. Rxf3 dxe5 17. fxe5 Nd5 18. Ne4 Rac8 19. Bf2 Rfd8 20. Rd1 f5
21. exf6 Nxf6 22. Rxd8+ Rxd8 23. Bxc5 Bxc5+ 24. Nxc5 e5 25. Rd3 Re8 26. c4 Kf7
27. Re3 e4 28. h3 Ke7 29. b4 Kd6 30. g4 g5 31. Kf2 Ke5 32. Nb3 Rd8 33. Ke2 Kf4
34. Nc5 Re8 35. a4 h5 36. gxh5 Nxh5 37. Kf2 g4 38. hxg4 Nf6 39. Rc3 Nxg4+ 40.
Ke2 Rh8 41. b5 Rh2+ 42. Ke1 e3 43. Nd3+ Kf3 44. Kd1 Rd2+ 45. Ke1 Ke4 46. Nb4
Ne5 47. Rc1 Nf3+ 48. Kf1 Rf2# 0-1

[Event "OPEN B - XVII MIEDZYNARODOWY FESTIWAL S"]
[Site "GOLD CHESS Open  - Rewal"]
[Date "2012.??.??"]
[Round "8.30"]
[White "Murawko, Julia"]
[Black "Steppuhn, Thomas"]
[Result "0-1"]
[WhiteElo "1607"]
[BlackElo "2039"]
[PlyCount "88"]
[EventDate "2012.??.??"]

1. e4 e6 2. d4 b6 3. Nf3 Bb7 4. Bd3 Nf6 5. Bg5 h6 6. Bxf6 Qxf6 7. Nbd2 Nc6 8.
e5 Qe7 9. c4 O-O-O 10. a3 d6 11. Be4 f5 12. exf6 Qxf6 13. Nb3 d5 14. Bd3 dxc4
15. Bxc4 e5 16. d5 Ne7 17. Qe2 Nxd5 18. Bxd5 Bxd5 19. Nbd2 Bc5 20. Ne4 Bxe4 21.
Qxe4 Kb8 22. O-O Bd4 23. Rab1 Qf4 24. Qxf4 exf4 25. Nxd4 Rxd4 26. Rfd1 Rhd8 27.
Rxd4 Rxd4 28. Kf1 Rd2 29. Ke1 Rc2 30. b4 Kc8 31. Rb3 Kd7 32. Rf3 g5 33. Rh3 Rc6
34. Kd2 Rd6+ 35. Kc3 Kc6 36. a4 a5 37. bxa5 bxa5 38. Kc4 Re6 39. Kd4 Kd6 40. g3
f3 41. g4 Rf6 42. Kd3 Kd5 43. Rg3 Rf4 44. Ke3 Rxa4 0-1

[Event "OPEN B - XVII MIEDZYNARODOWY FESTIWAL S"]
[Site "GOLD CHESS Open  - Rewal"]
[Date "2012.??.??"]
[Round "8.31"]
[White "Hagner, Pawel"]
[Black "Drabek, Jan"]
[Result "0-1"]
[WhiteElo "1823"]
[BlackElo "1698"]
[PlyCount "62"]
[EventDate "2012.??.??"]

1. d4 g6 2. Nf3 Bg7 3. Bf4 d6 4. e3 Nf6 5. c3 O-O 6. Nbd2 Nbd7 7. Be2 c5 8. h3
a6 9. a4 b6 10. O-O Bb7 11. Qc2 Qc7 12. Rfe1 e6 13. Rad1 Rfd8 14. Nc4 Bf8 15.
dxc5 Nxc5 16. b4 Be4 17. Qa2 Nb7 18. Qb2 Bg7 19. b5 axb5 20. Qxb5 Nd5 21. Rc1
Nxc3 22. Qxb6 Qxb6 23. Nxb6 Nxe2+ 24. Rxe2 Ra6 25. Rc4 Bd3 26. Rd2 Bxc4 27.
Nxc4 d5 28. Nce5 Rxa4 29. Nd4 Re8 30. Rc2 f6 31. Rc7 fxe5 0-1

[Event "OPEN B - XVII MIEDZYNARODOWY FESTIWAL S"]
[Site "GOLD CHESS Open  - Rewal"]
[Date "2012.??.??"]
[Round "8.32"]
[White "Woloch, Oskar"]
[Black "Gajzner, Ryszard"]
[Result "1-0"]
[WhiteElo "1564"]
[BlackElo "1734"]
[PlyCount "95"]
[EventDate "2012.??.??"]

1. e4 e6 2. d4 d5 3. exd5 exd5 4. Nf3 Bd6 5. Bd3 Nc6 6. c3 Nge7 7. O-O Bg4 8.
Be3 Qd7 9. b4 Bf5 10. a4 Bxd3 11. Qxd3 Ng6 12. Nbd2 O-O 13. Nb3 Nf4 14. Bxf4
Bxf4 15. Nc5 Qc8 16. Qb5 Rb8 17. Nd3 Bd6 18. Qxd5 Ne7 19. Qb3 Kh8 20. c4 c6 21.
Rfe1 Ng6 22. c5 Bc7 23. Nde5 Nxe5 24. Nxe5 Bxe5 25. Rxe5 Qd7 26. d5 f6 27. dxc6
bxc6 28. Re4 Rb7 29. Rae1 Qf5 30. Qd3 Qc8 31. h3 h6 32. Rd4 Qb8 33. Qe4 Qc8 34.
Re2 Rc7 35. Rd6 Qa8 36. Red2 Re8 37. Re6 Rxe6 38. Qxe6 Qb8 39. Qe4 Qc8 40. Rd6
f5 41. Qd3 Kh7 42. Qe2 g6 43. Qe5 Rf7 44. b5 cxb5 45. axb5 Rc7 46. Qf6 Rg7 47.
c6 Qc7 48. Qd8 1-0

[Event "OPEN B - XVII MIEDZYNARODOWY FESTIWAL S"]
[Site "GOLD CHESS Open  - Rewal"]
[Date "2012.??.??"]
[Round "8.33"]
[White "Lebiedowicz, Borys"]
[Black "Wodecki, Michal"]
[Result "1/2-1/2"]
[WhiteElo "1730"]
[BlackElo "1440"]
[PlyCount "52"]
[EventDate "2012.??.??"]

1. e4 e5 2. Nf3 Nc6 3. Bc4 Nf6 4. O-O Be7 5. d3 O-O 6. c3 d6 7. Be3 Bg4 8. Nbd2
Na5 9. Bb3 Nxb3 10. Qxb3 b6 11. Qc2 c5 12. d4 cxd4 13. cxd4 Rc8 14. Qd3 Qd7 15.
dxe5 dxe5 16. Qxd7 Nxd7 17. Rac1 f6 18. a3 Nc5 19. Bxc5 Bxc5 20. b4 Be7 21.
Rfd1 Rfd8 22. Kf1 a5 23. bxa5 bxa5 24. a4 Bb4 25. Nb3 Rxd1+ 26. Rxd1 Rc3
1/2-1/2

[Event "OPEN B - XVII MIEDZYNARODOWY FESTIWAL S"]
[Site "GOLD CHESS Open  - Rewal"]
[Date "2012.??.??"]
[Round "8.34"]
[White "Chylewski, Patryk"]
[Black "Krzysztofiak, Zdzislaw"]
[Result "0-1"]
[WhiteElo "1562"]
[BlackElo "1671"]
[PlyCount "52"]
[EventDate "2012.??.??"]

1. e4 e5 2. Nf3 Nc6 3. Bb5 a6 4. Ba4 Nf6 5. O-O b5 6. Bb3 d6 7. Ng5 d5 8. exd5
Nd4 9. d6 Nxb3 10. dxc7 Qxc7 11. axb3 h6 12. Nf3 Bg4 13. d3 Be7 14. Be3 O-O 15.
Nbd2 Nd5 16. h3 Bh5 17. Re1 f5 18. g3 g5 19. c4 Nb4 20. Qb1 f4 21. gxf4 gxf4
22. Bb6 Qxb6 23. Rxe5 Qg6+ 24. Kh1 Nxd3 25. Qg1 Bxf3+ 26. Nxf3 Nxe5 0-1

[Event "OPEN B - XVII MIEDZYNARODOWY FESTIWAL S"]
[Site "GOLD CHESS Open  - Rewal"]
[Date "2012.??.??"]
[Round "8.37"]
[White "Hadzicki, Tomasz"]
[Black "Huchler, Harald"]
[Result "0-1"]
[WhiteElo "1858"]
[BlackElo "1446"]
[PlyCount "44"]
[EventDate "2012.??.??"]

1. e4 c5 2. d4 cxd4 3. c3 e6 4. Nf3 Nc6 5. cxd4 d5 6. e5 Be7 7. Bd3 f6 8. exf6
Nxf6 9. O-O Qc7 10. Re1 Bd7 11. Nc3 O-O-O 12. a3 Bd6 13. Nb5 Qb8 14. b4 a6 15.
Nxd6+ Qxd6 16. b5 axb5 17. Bxb5 Na7 18. Bxd7+ Rxd7 19. Ne5 Rc7 20. Bf4 Qe7 21.
Ng6 hxg6 22. Bxc7 Kxc7 0-1

[Event "OPEN B - XVII MIEDZYNARODOWY FESTIWAL S"]
[Site "GOLD CHESS Open  - Rewal"]
[Date "2012.??.??"]
[Round "8.38"]
[White "Baran, Dawid"]
[Black "Nun, Ryszard"]
[Result "1-0"]
[WhiteElo "1740"]
[BlackElo "1652"]
[PlyCount "81"]
[EventDate "2012.??.??"]

1. e4 c5 2. Nf3 e6 3. Nc3 Nc6 4. d4 cxd4 5. Nxd4 a6 6. Be3 Qc7 7. Be2 Nf6 8.
O-O Be7 9. Nb3 b5 10. a3 Ne5 11. Re1 Bb7 12. f3 O-O 13. Bd3 d5 14. exd5 Nxd3
15. cxd3 Nxd5 16. Nxd5 Bxd5 17. Rc1 Qd7 18. Nc5 Bxc5 19. Bxc5 Rfc8 20. Qe2 Bb3
21. Rc3 Bd5 22. Qe5 f6 23. Qe3 Rc6 24. Rec1 Rac8 25. Qf4 e5 26. Qe3 Qe6 27. b4
Re8 28. Re1 Qc8 29. Rc2 Qe6 30. Rce2 Kf7 31. Qd2 Qf5 32. d4 Rce6 33. dxe5 Rxe5
34. Re3 Rxe3 35. Bxe3 Qe6 36. Bf2 Qc6 37. Rd1 Rd8 38. Rc1 Qe6 39. Qf4 Bc4 40.
Re1 Rd1 41. Rxd1 1-0

[Event "OPEN B - XVII MIEDZYNARODOWY FESTIWAL S"]
[Site "GOLD CHESS Open  - Rewal"]
[Date "2012.??.??"]
[Round "9.2"]
[White "Nikitin, Aleksander I"]
[Black "Budzinski, Jan"]
[Result "1/2-1/2"]
[WhiteElo "2094"]
[BlackElo "1913"]
[PlyCount "46"]
[EventDate "2012.??.??"]

1. Nf3 d5 2. g3 g6 3. Bg2 Bg7 4. O-O c5 5. d3 Nc6 6. Nbd2 e5 7. e4 Nge7 8. c3
O-O 9. a3 dxe4 10. dxe4 b6 11. b4 cxb4 12. axb4 Qc7 13. Bb2 Rd8 14. Qe2 h6 15.
Rfc1 Be6 16. Nf1 Rd7 17. Ne3 Rad8 18. Qe1 b5 19. Bf1 Qb7 20. Ra3 f5 21. exf5
gxf5 22. Bh3 e4 23. Nd4 Nxd4 1/2-1/2

[Event "OPEN B - XVII MIEDZYNARODOWY FESTIWAL S"]
[Site "GOLD CHESS Open  - Rewal"]
[Date "2012.??.??"]
[Round "9.3"]
[White "Malec, Sebastian"]
[Black "Kaczmarek, Aleksander"]
[Result "1-0"]
[WhiteElo "2093"]
[BlackElo "2097"]
[PlyCount "79"]
[EventDate "2012.??.??"]

1. Nf3 g6 2. e4 Bg7 3. d4 Nf6 4. e5 Nd5 5. c4 Nb6 6. c5 Nd5 7. Bc4 c6 8. Qb3
O-O 9. Bg5 h6 10. Bh4 Nf4 11. Bg3 Ne6 12. Nc3 b6 13. Qa3 bxc5 14. dxc5 a5 15.
Na4 Na6 16. O-O Rb8 17. Qe3 Nb4 18. Qe2 Nd5 19. Rfd1 Ndf4 20. Qd2 Rb4 21. b3
Nh5 22. a3 Rb7 23. Bxe6 fxe6 24. Nb6 Nxg3 25. hxg3 g5 26. Rac1 Qc7 27. Re1 Rf5
28. Qxa5 g4 29. Nh4 Rg5 30. Qd2 Rb8 31. Rcd1 Bxe5 32. f4 gxf3 33. Nxf3 Rh5 34.
Rxe5 Rxe5 35. Qf4 d6 36. Nxe5 dxe5 37. Qxh6 e4 38. Qg6+ Kh8 39. Kf2 e3+ 40. Kf3
1-0

[Event "OPEN B - XVII MIEDZYNARODOWY FESTIWAL S"]
[Site "GOLD CHESS Open  - Rewal"]
[Date "2012.??.??"]
[Round "9.4"]
[White "Jacek, Krystian"]
[Black "Swiatloch, Tomasz"]
[Result "1-0"]
[WhiteElo "2071"]
[BlackElo "2099"]
[PlyCount "93"]
[EventDate "2012.??.??"]

1. e4 c5 2. Nf3 g6 3. d4 cxd4 4. Nxd4 Nc6 5. Nc3 Bg7 6. Be3 Nf6 7. Bc4 Qa5 8.
O-O O-O 9. Nb3 Qc7 10. Bg5 a6 11. Be2 Re8 12. f4 d6 13. f5 b5 14. Kh1 b4 15.
Bxf6 bxc3 16. Bxg7 Kxg7 17. bxc3 Ne5 18. Qd4 Bb7 19. Rab1 Rec8 20. c4 Rab8 21.
Nd2 Kg8 22. Rb3 Bc6 23. Qe3 Qd8 24. Qh6 Qf8 25. Qh4 f6 26. fxg6 hxg6 27. c5
dxc5 28. Bxa6 Rd8 29. Nc4 Nf7 30. Na5 Be8 31. Nb7 Rd7 32. Qf4 Rbxb7 33. Bxb7
Rd2 34. Bd5 Kg7 35. Rb8 Ne5 36. Qg3 c4 37. a4 Rxc2 38. Rc8 Ra2 39. Rb1 Qh8 40.
h3 g5 41. Rbb8 Rxa4 42. Kg1 Ra1+ 43. Kh2 g4 44. Rxe8 Nf3+ 45. Qxf3 Qxe8 46.
Qxg4+ Qg6 47. Rg8+ 1-0

[Event "OPEN B - XVII MIEDZYNARODOWY FESTIWAL S"]
[Site "GOLD CHESS Open  - Rewal"]
[Date "2012.??.??"]
[Round "9.5"]
[White "Bes, Michal"]
[Black "Sroka, Janusz"]
[Result "0-1"]
[WhiteElo "1977"]
[BlackElo "2109"]
[PlyCount "118"]
[EventDate "2012.??.??"]

1. e4 e5 2. Nf3 d6 3. d4 Nd7 4. Nc3 Ngf6 5. Bc4 Be7 6. O-O O-O 7. h3 a6 8. a4
b6 9. Qe2 c6 10. dxe5 dxe5 11. Rd1 Qc7 12. Bg5 h6 13. Bh4 Re8 14. Bg3 Bb7 15.
Nh4 b5 16. Ba2 Bf8 17. Ng6 Bc5 18. Nb1 Nf8 19. Nxf8 Bxf8 20. Nd2 Nd7 21. Nf3
Nc5 22. Nh4 Nxa4 23. Qg4 Bc8 24. Nf5 Kh7 25. Rd6 Qxd6 26. Nxd6 Bxg4 27. Nxe8
Rxe8 28. hxg4 f6 29. Rd1 Nxb2 30. Rd7 Na4 31. f3 Nc3 32. Bb3 Ne2+ 33. Kh2 a5
34. Be1 a4 35. Ba2 Rb8 36. Bh4 Kh8 37. Bf2 b4 38. Be1 Bc5 39. g5 hxg5 40. Kh3
b3 41. Bb1 Bd4 42. Kg4 c5 43. Kf5 Kh7 44. Ba5 Bc3 45. Bd8 Nd4+ 46. Kg4 Kg6 47.
cxb3 axb3 48. g3 Bd2 49. Be7 c4 50. Bc5 c3 51. Bd3 c2 52. Ba3 c1=Q 53. Bxc1
Bxc1 54. f4 gxf4 55. gxf4 Bxf4 56. Rc7 b2 57. Bb1 Rb3 58. Bd3 b1=Q 59. Bxb1
Rg3+ 0-1

[Event "OPEN B - XVII MIEDZYNARODOWY FESTIWAL S"]
[Site "GOLD CHESS Open  - Rewal"]
[Date "2012.??.??"]
[Round "9.6"]
[White "Grochulski, Grzegorz"]
[Black "Murawko, Katarzyna"]
[Result "0-1"]
[WhiteElo "2095"]
[BlackElo "1859"]
[PlyCount "98"]
[EventDate "2012.??.??"]

1. e4 c5 2. Nf3 d6 3. d4 cxd4 4. Nxd4 Nf6 5. Nc3 a6 6. f4 Qc7 7. Bd3 b5 8. Nf3
Nbd7 9. O-O Bb7 10. a3 e6 11. Kh1 Be7 12. Qe1 O-O 13. e5 dxe5 14. fxe5 Ng4 15.
Bf4 Bxf3 16. Rxf3 Ngxe5 17. Qg3 g6 18. Re1 Bd6 19. Ne4 f6 20. Nxd6 Qxd6 21.
Bxg6 hxg6 22. Bxe5 Nxe5 23. Rxe5 Kg7 24. Re2 Qxg3 25. Rxg3 e5 26. Rd3 Rfd8 27.
Red2 Rxd3 28. Rxd3 Kf7 29. Kg1 Ke6 30. Kf2 Rc8 31. c3 Rc6 32. Ke3 Rd6 33. Rxd6+
Kxd6 34. g4 g5 35. Ke4 Kc5 36. b3 a5 37. Kd3 Kd5 38. c4+ bxc4+ 39. bxc4+ Kc5
40. Kc3 e4 41. a4 e3 42. Kd3 e2 43. Kxe2 Kxc4 44. Ke3 Kb4 45. Ke4 Kxa4 46. Kf5
Kb4 47. Kxf6 a4 48. h4 gxh4 49. g5 a3 0-1

[Event "OPEN B - XVII MIEDZYNARODOWY FESTIWAL S"]
[Site "GOLD CHESS Open  - Rewal"]
[Date "2012.??.??"]
[Round "9.7"]
[White "Reza, Wojciech"]
[Black "Szeglowski, Tomasz"]
[Result "1-0"]
[WhiteElo "2090"]
[BlackElo "1757"]
[PlyCount "56"]
[EventDate "2012.??.??"]

1. a3 e5 2. e4 Nf6 3. Nc3 d5 4. exd5 Nxd5 5. Qh5 Nc6 6. Bb5 Nde7 7. Qxe5 Be6 8.
Qe2 h6 9. Bxc6+ Nxc6 10. Nf3 Bc5 11. d3 O-O 12. Be3 Bd6 13. h3 f5 14. O-O-O Qf6
15. d4 Bd7 16. d5 Ne5 17. Bd4 Rae8 18. Nxe5 Bxe5 19. Bxe5 Rxe5 20. Qf3 Rfe8 21.
Rd2 Qg5 22. Rhd1 b5 23. Kb1 a5 24. Rd4 Rb8 25. b4 axb4 26. axb4 Qf6 27. Kb2 Qd6
28. R1d3 Rc8 {nieczytelny} 1-0

[Event "OPEN B - XVII MIEDZYNARODOWY FESTIWAL S"]
[Site "GOLD CHESS Open  - Rewal"]
[Date "2012.??.??"]
[Round "9.8"]
[White "Ziaja, Krystian"]
[Black "Hasanov, Sahib"]
[Result "1-0"]
[WhiteElo "1822"]
[BlackElo "2068"]
[PlyCount "161"]
[EventDate "2012.??.??"]

1. e4 d5 2. exd5 Qxd5 3. Nc3 Qd8 4. Nf3 Bg4 5. Bc4 e6 6. d3 a6 7. Qe2 Nf6 8.
Ne4 Nbd7 9. Bg5 Be7 10. Nxf6+ Bxf6 11. Bxf6 Qxf6 12. Qe4 Bxf3 13. Qxf3 Qxf3 14.
gxf3 Ne5 15. Ke2 Nxc4 16. dxc4 Ke7 17. Rhd1 Rad8 18. Rd3 Rd6 19. b4 Rhd8 20.
Rad1 b6 21. Ke3 e5 22. f4 Ke6 23. fxe5 Kxe5 24. Rg1 g6 25. a4 c5 26. Rxd6 Rxd6
27. f4+ Ke6 28. c3 h6 29. a5 bxa5 30. bxc5 Rc6 31. Kd4 Kd7 32. Ra1 Rf6 33. Ke4
Re6+ 34. Kd5 Rf6 35. Ke4 Re6+ 36. Kf3 Re8 37. Rxa5 Ra8 38. Ke4 Ke6 39. h3 f6
40. f5+ gxf5+ 41. Kf4 Ra7 42. c6 h5 43. h4 Rg7 44. Ke3 f4+ 45. Ke4 f3 46. Kxf3
Rg4 47. Rc5 Rg8 48. Rxh5 Kd6 49. Ra5 Ra8 50. c5+ Kxc6 51. c4 Kb7 52. Ke4 Rh8
53. h5 Ka7 54. c6 Kb6 55. Rf5 a5 56. Rb5+ Kxc6 57. Rxa5 Kd6 58. Kf4 Ke6 59. Kg4
Rg8+ 60. Kf4 Rg1 61. Ra6+ Kf7 62. Ra7+ Ke6 63. h6 Rc1 64. Rc7 Kd6 65. h7 Rh1
66. Rg7 Rf1+ 67. Kg4 Rh1 68. Kf5 Rh6 69. Rf7 Kc5 70. Rc7+ Kd6 71. Rf7 Kc5 72.
Ke6 Kxc4 73. Ke7 Kd5 74. Kf8 Ke5 75. Kg7 Rh1 76. h8=Q Rxh8 77. Kxh8 f5 78. Kg7
f4 79. Kg6 Ke4 80. Kg5 f3 81. Kg4 1-0

[Event "OPEN B - XVII MIEDZYNARODOWY FESTIWAL S"]
[Site "GOLD CHESS Open  - Rewal"]
[Date "2012.??.??"]
[Round "9.9"]
[White "Jaskolka, Tomasz"]
[Black "Gawiec, Konrad"]
[Result "1/2-1/2"]
[WhiteElo "2037"]
[BlackElo "1911"]
[PlyCount "53"]
[EventDate "2012.??.??"]

1. e4 c5 2. Nf3 Nc6 3. d4 cxd4 4. Nxd4 g6 5. c4 Nf6 6. Nc3 d6 7. Nc2 Bg7 8. Be2
Be6 9. O-O O-O 10. Be3 Ne5 11. b3 a6 12. f4 Neg4 13. Bd4 h5 14. Qd2 Rc8 15. h3
Nh6 16. f5 gxf5 17. Bxf6 exf6 18. Rad1 Qb6+ 19. Kh1 Rcd8 20. Nd5 Bxd5 21. exd5
Rfe8 22. Bxh5 Re4 23. Bf3 Re5 24. Qd4 Rde8 25. b4 Bf8 26. a4 Rc8 27. Rc1
1/2-1/2

[Event "OPEN B - XVII MIEDZYNARODOWY FESTIWAL S"]
[Site "GOLD CHESS Open  - Rewal"]
[Date "2012.??.??"]
[Round "9.13"]
[White "Misztal, Piotr"]
[Black "Gora, Jan"]
[Result "0-1"]
[WhiteElo "1778"]
[BlackElo "1975"]
[PlyCount "78"]
[EventDate "2012.??.??"]

1. e4 c5 2. Nf3 Nc6 3. d4 cxd4 4. Nxd4 g6 5. c4 Nf6 6. Nc3 d6 7. Be2 Nxd4 8.
Qxd4 Bg7 9. Qd1 O-O 10. O-O Be6 11. f3 Rc8 12. Nd5 Nxd5 13. cxd5 Qb6+ 14. Kh1
Bd7 15. Rb1 Rc7 16. Qd3 Bd4 17. Rd1 Rfc8 18. Qxd4 Qxd4 19. Rxd4 Rxc1+ 20. Rd1
Rxb1 21. Rxb1 Rc2 22. Bd1 Rd2 23. Kg1 Bb5 24. Bb3 a5 25. a4 Ba6 26. h3 Kg7 27.
Kh2 f5 28. exf5 gxf5 29. Re1 Kf7 30. Rb1 Bd3 31. Rd1 Rxd1 32. Bxd1 Bc4 33. Bc2
Kf6 34. g4 fxg4 35. fxg4 h6 36. Kg3 Bxd5 37. Kh4 Bf7 38. Be4 d5 39. Bc2 e5 0-1

[Event "OPEN B - XVII MIEDZYNARODOWY FESTIWAL S"]
[Site "GOLD CHESS Open  - Rewal"]
[Date "2012.??.??"]
[Round "9.14"]
[White "Czepczynski, Boguslaw"]
[Black "Lewtak, Dominik"]
[Result "0-1"]
[WhiteElo "1971"]
[BlackElo "1776"]
[PlyCount "76"]
[EventDate "2012.??.??"]

1. c4 e5 2. Nc3 Nf6 3. g3 Nc6 4. Bg2 Bb4 5. Nf3 O-O 6. O-O e4 7. Ng5 Bxc3 8.
bxc3 Re8 9. d3 exd3 10. exd3 h6 11. Ne4 Nxe4 12. Bxe4 Ne5 13. f4 Nxc4 14. Qf3
Nd6 15. Bd5 c6 16. Bb3 Nb5 17. Bd2 d5 18. Rae1 Rxe1 19. Rxe1 Bd7 20. f5 Qf6 21.
d4 Bxf5 22. Rf1 Nd6 23. Bf4 Be4 24. Qd1 Qe6 25. Qe2 Re8 26. Re1 Nf5 27. Qf2 g5
28. Bc1 Nd6 29. Be3 Qg6 30. Bd1 Nc4 31. Bc1 Re6 32. Bb3 Nd6 33. Ba3 Bd3 34.
Bxd6 Rxe1+ 35. Qxe1 Qxd6 36. Qe3 Be4 37. c4 Qf6 38. c5 b6 0-1

[Event "OPEN B - XVII MIEDZYNARODOWY FESTIWAL S"]
[Site "GOLD CHESS Open  - Rewal"]
[Date "2012.??.??"]
[Round "9.15"]
[White "Maliszewski, Jacek"]
[Black "Widla, Piotr"]
[Result "0-1"]
[WhiteElo "1720"]
[BlackElo "1961"]
[PlyCount "97"]
[EventDate "2012.??.??"]

1. d4 c5 2. e3 Nf6 3. c3 e6 4. Bd3 b6 5. Nf3 Bb7 6. Nbd2 d5 7. O-O Be7 8. Ne5
O-O 9. f4 Nbd7 10. Rf3 Ne4 11. Rh3 Nxe5 12. Qh5 h6 13. dxe5 f6 14. Qg6 Qe8 15.
Rg3 Qxg6 16. Rxg6 Kh7 17. Rg3 fxe5 18. Nf3 exf4 19. exf4 Kg8 20. Rg6 Rf6 21.
Rxf6 gxf6 22. Be3 Rd8 23. Bc2 Kf7 24. Rd1 Nd6 25. b3 Rg8 26. Kf2 Nb5 27. Bd2 d4
28. c4 Nd6 29. Re1 Rh8 30. h3 a6 31. a4 Bc6 32. Bc1 b5 33. cxb5 axb5 34. b4
bxa4 35. bxc5 Nb5 36. Bxa4 Bxc5 37. f5 exf5 38. Bb3+ Kg7 39. Re6 Be4 40. Ra6
Rb8 41. Bf4 d3+ 42. Be3 Bxe3+ 43. Kxe3 Nc3 44. Ra7+ Kg6 45. Bc4 Rd8 46. Rc7
Bxf3 47. Bxd3 Be4 48. Bxe4 Nxe4 49. Kf4 0-1

[Event "OPEN B - XVII MIEDZYNARODOWY FESTIWAL S"]
[Site "GOLD CHESS Open  - Rewal"]
[Date "2012.??.??"]
[Round "9.16"]
[White "Duszenko, Michal"]
[Black "Kowalczyk, Adam"]
[Result "0-1"]
[WhiteElo "1852"]
[BlackElo "1896"]
[PlyCount "84"]
[EventDate "2012.??.??"]

1. e4 c5 2. Nf3 e6 3. d4 cxd4 4. Nxd4 Nc6 5. Be3 Nf6 6. Bd3 d5 7. Nd2 e5 8.
N4b3 h6 9. Bc5 Bxc5 10. Nxc5 b6 11. Bb5 Qc7 12. exd5 Nxd5 13. Nc4 Ndb4 14. Nd6+
Ke7 15. Nce4 f5 16. Nxc8+ Raxc8 17. c3 fxe4 18. cxb4 Nd4 19. Ba4 Qc4 20. a3 b5
21. Qg4 bxa4 22. Qxg7+ Kd6 23. Qg6+ Qe6 24. Qxe6+ Kxe6 25. O-O Nc2 26. Rac1 e3
27. fxe3 Nxe3 28. Rfe1 Rxc1 29. Rxc1 Rd8 30. Kf2 Nd1+ 31. Kf3 Nxb2 32. Rc7 a6
33. Rh7 Rf8+ 34. Ke2 Rf6 35. Rc7 e4 36. Rc2 Nd3 37. Ke3 Kd5 38. Rc8 Re6 39.
Rd8+ Ke5 40. g4 Nf4 41. Rf8 Nd5+ 42. Kd2 Kd4 0-1